Sports Quiz

Random Sports or NCAA Quiz
Score 0/210 Timer 15:00
0 Plays Today
Year Player % Correct
2005Alex Smith
95.6%
2011Aldon Smith
95.6%
2018Roquan Smith
95.6%
2019Daniel Jones
95.6%
2001Justin Smith
95.2%
2002Mike Williams
95.2%
2005Mike Williams
95.2%
2006Mario Williams
95.2%
2006Vince Young
95.2%
2009Jason Smith
95.2%
2009Andre Smith
95.2%
2010Trent Williams
95.2%
2011Tyron Smith
95.2%
2015Leonard Williams
95.2%
2017Mike Williams
95.2%
2019Quinnen Williams
95.2%
2020Chase Young
95.2%
2002Roy Williams
94.8%
2003Kevin Williams
94.8%
2004Roy Williams
94.8%
2004Reggie Williams
94.8%
2005Cadillac Williams
94.8%
2011Julio Jones
94.8%
2000Thomas Jones
94.4%
2002Levi Jones
94.4%
2005Adam Jones
94.4%
2017Soloman Thomas
94%
2020Andrew Thomas
94%
2020Derrick Brown
94%
2007Joe Thomas
93.6%
2000Courtney Brown
93.2%
2005Ronnie Brown
93.2%
2007Levi Brown
93.2%
2016Jared Goff
93.2%
2012Andrew Luck
92.8%
2018Baker Mayfield
92.8%
2019Kyler Murray
92.8%
2020Joe Burrow
92.8%
2006Reggie Bush
92.4%
2019Devin Bush
92.4%
2016Carson Wentz
92%
2015Jameis Winston
91.6%
2015Marcus Mariota
91.6%
2017Mitchell Trubisky
91.2%
2012Robert Griffin III
90.8%
2018Josh Allen
90.8%
2019Josh Allen
90.8%
2007Calvin Johnson
90.4%
2013Lane Johnson
90.4%
2016Joey Bosa
90.4%
2016Ezekiel Elliott
90.4%
2019Nick Bosa
90.4%
2003Andre Johnson
90%
2010Sam Bradford
90%
2017Patrick Mahomes
90%
2018Saquon Barkley
90%
2018Sam Darnold
90%
2009Matthew Stafford
89.6%
2011Cam Newton
89.6%
2014Blake Bortles
89.6%
2017Leonard Fournette
89.6%
2017Corey Davis
89.6%
2001Leonard Davis
89.2%
2004Eli Manning
89.2%
2006Vernon Davis
89.2%
2015Kevin White
89.2%
2018Josh Rosen
89.2%
2019Devin White
89.2%
2017Myles Garrett
88.8%
2014Jadeveon Clowney
88.4%
Year Player % Correct
2003Carson Palmer
87.6%
2007Adrian Peterson
86.8%
2011Patrick Peterson
86.4%
2017Christian McCaffrey
86.4%
2008Matt Ryan
86%
2020Justin Herbert
85.2%
2001Michael Vick
84.4%
2004Philip Rivers
84.4%
2008Keith Rivers
84.4%
2017Jamal Adams
84.4%
2007JaMarcus Russell
84%
2007Gaines Adams
84%
2014Mike Evans
84%
2015Todd Gurley
84%
2015Amari Cooper
82.8%
2011Von Miller
82.4%
2011A.J. Green
82.4%
2013Jonathon Cooper
82.4%
2002David Carr
81.2%
2016Jalen Ramsey
81.2%
2010Ndamukong Suh
80.8%
2013Eric Fisher
80.8%
2017John Ross
80.8%
2012Ryan Tannehill
80%
2018Bradley Chubb
79.6%
2014Sammy Watkins
79.2%
2020Isaiah Simmons
77.6%
2014Khalil Mack
77.2%
2020Tua Tagovailoa
77.2%
2020C.J. Henderson
77.2%
2012Trent Richardson
76.8%
2020Jeff Okudah
76.8%
2002John Henderson
76.4%
2004Larry Fitzgerald
75.6%
2011Jake Locker
74%
2008Jake Long
73.6%
2008Chris Long
73.6%
2018Denzel Ward
73.6%
2019T.J. Hockenson
73.6%
2014Eric Ebron
73.2%
2016Eli Apple
73.2%
2009Mark Sanchez
72%
2018Quenton Nelson
71.2%
2011Blaine Gabbert
70.4%
2012Luke Kuechly
70.4%
2001Koren Robinson
70%
2004Dunta Robinson
70%
2014Greg Robinson
70%
2010Eric Berry
69.6%
2008Darren McFadden
68.4%
2014Anthony Barr
68.4%
2010Gerald McCoy
67.6%
2004Sean Taylor
66%
2016DeForest Buckner
66%
2000Travis Taylor
65.6%
2019Ed Oliver
65.6%
2006Matt Leinart
64.8%
2019Clelin Ferrell
64.4%
2012Justin Blackmon
63.2%
2014Jake Matthews
63.2%
2001LaDainian Tomlinson
62.8%
2010C.J. Spiller
62.8%
2009Michael Crabtree
62.4%
2020Jedrick Wills
62.4%
2000Jamal Lewis
60%
2016Jack Conklin
59.2%
2015Vic Beasley
58.8%
2015Ereck Flowers
58%
2002Julius Peppers
57.6%
2009Tyson Jackson
57.6%
Year Player % Correct
2013Tavon Austin
56.8%
2010Joe Haden
56.4%
2012Stephon Gilmore
56.4%
2018Mike McGlinchey
56.4%
2016Ronnie Stanley
54.4%
2011Marcell Dareus
54%
2013Ezekiel Ansah
53.6%
2015Brandon Scherff
52.4%
2016Leonard Floyd
52.4%
2003Byron Leftwich
52%
2015Dante Fowler
51.2%
2004Kellen Winslow II
50.8%
2005Cedric Benson
50.8%
2006A.J. Hawk
50.8%
2013Dion Jordan
50%
2005Braylon Edwards
49.6%
2002Joey Harrington
49.2%
2006D'Brickashaw Ferguson
49.2%
2013Luke Joeckel
46.8%
2012Morris Claiborne
46.4%
2007Ted Ginn, Jr.
46%
2009B.J. Raji
46%
2009Darrius Heyward-Bey
45.6%
2012Matt Kalil
45.2%
2010Russell Okung
44.8%
2000Brian Urlacher
43.6%
2003Charles Rogers
42.4%
2005Carlos Rogers
42.4%
2003Terrell Suggs
42%
2008Jerod Mayo
42%
2000LaVar Arrington
40.8%
2014Justin Gilbert
40.8%
2000Plaxico Burress
38.8%
2004Robert Gallery
37.6%
2004DeAngelo Hall
36.8%
2000Peter Warrick
36%
2005Troy Williamson
35.6%
2009Aaron Curry
35.6%
2013Dee Milliner
34.8%
2003Terence Newman
33.6%
2007LaRon Landry
33.6%
2012Mark Barron
33.6%
2010Rolando McClain
32.4%
2008Vernon Gholston
32%
2013Barkevious Mingo
31.2%
2001Richard Seymour
30.4%
2002Quentin Jammer
29.6%
2002Ryan Sims
28.4%
2006Donte Whitner
28.4%
2006Ernie Sims
28.4%
2005Antrel Rolle
27.6%
2006Michael Huff
27.6%
2008Glenn Dorsey
27.6%
2007Jamaal Anderson
26.8%
2003Dewayne Robertson
26.4%
2000Chris Samuels
25.6%
2002Bryant McKinnie
25.6%
2001David Terrell
24%
2008Sedrick Ellis
24%
2003Jordan Gross
23.6%
2010Tyson Alualu
23.6%
2013Chance Warmack
23.6%
2009Eugene Monroe
23.2%
2007Amobi Okoye
20.4%
2000Corey Simon
19.6%
2001Andre Carter
19.2%
2001Gerard Warren
18.8%
2008Derrick Harvey
16.8%
2001Jamal Reynolds
14.4%
2003Johnathon Sullivan
12.8%
Remove Ads.
Support Sporcle.
Get the best of Sporcle when you Go Orange. This ad-free experience offers more features, more stats, and more fun while also helping to support Sporcle. Thank you for becoming a member.

You're not logged in!

Compare scores with friends on all Sporcle quizzes.
OR
Log In

Sporcle TV

Today on Sporcle TV


Watch our educational content, quiz creation guides, and fun videos on Sporcle TV.

Show Comments

Extras

Top Quizzes Today


Score Distribution

Paid Content

Your Account Isn't Verified!

In order to create a playlist on Sporcle, you need to verify the email address you used during registration. Go to your Sporcle Settings to finish the process.

Report this User

Report this user for behavior that violates our Community Guidelines.

Details: